Settlers, saints, and sovereigns : (Record no. 27764)
[ view plain ]
| 000 -LEADER | |
|---|---|
| fixed length control field | 02769nam a22003735a 4500 |
| 005 - DATE AND TIME OF LATEST TRANSACTION | |
| control field | 2009062205455.0 |
| 008 - FIXED-LENGTH DATA ELEMENTS--GENERAL INFORMATION | |
| fixed length control field | 090226s2008 ii abf b 001 0 eng |
| 010 ## - LCCN (DPL NO) | |
| LC control number | ENG-94163 |
| 020 ## - INTERNATIONAL STANDARD BOOK NUMBER | |
| International Standard Book Number | 9780415445566 |
| Terms of availability | 650.00 |
| 035 ## - SYSTEM CONTROL NUMBER | |
| System control number | EN-77696 |
| 035 ## - SYSTEM CONTROL NUMBER | |
| System control number | B-361848-854 |
| 037 ## - SOURCE OF ACQUISITION | |
| Source of stock number/acquisition | DBAD / PUB |
| 037 ## - SOURCE OF ACQUISITION | |
| Source of stock number/acquisition | Uppal Book Store |
| 040 ## - CATALOGING SOURCE | |
| Original cataloging agency | dpl |
| Language of cataloging | English |
| 082 ## - DEWEY DECIMAL CLASSIFICATION NUMBER | |
| Classification number | 306.2095443 |
| 100 ## - MAIN ENTRY--PERSONAL NAME | |
| Personal name | Ibrahim, Farhana |
| 245 ## - TITLE STATEMENT | |
| Title | Settlers, saints, and sovereigns : |
| Remainder of title | an ethnography of state formation in Western India / |
| Statement of responsibility, etc | by Farhana Ibrahim |
| 260 ## - PUBLICATION, DISTRIBUTION, ETC. (IMPRINT) | |
| Place of publication, distribution, etc | New Delhi |
| Name of publisher, distributor, etc | Routledge |
| Date of publication, distribution, etc | 2009 |
| 270 ## - ADDRESS | |
| Address | 912-915 Tolstory House, 15-17 Tolstory Marg, |
| City | New Delhi |
| Postal code | 110001 |
| 300 ## - PHYSICAL DESCRIPTION | |
| Extent | xxi, 215p. |
| Other physical details | ill., 4 maps ; |
| Dimensions | 22cm (Hb) |
| 490 ## - SERIES STATEMENT | |
| Series statement | Critical Asian studies |
| 504 ## - BIBLIOGRAPHY, ETC. NOTE | |
| Bibliography, etc | Includes bibliographical references and index. |
| 520 ## - SUMMARY, ETC. | |
| Summary, etc | Study of the history and ethnography of the Kachchh Region. |
| 942 ## - ADDED ENTRY ELEMENTS (KOHA) | |
| Source of classification or shelving scheme | Dewey Decimal Classification |
| Item type | English Books |
| Call number suffix | IBR |
| Classification part | 306.2095443 |
| Withdrawn status | Lost status | Source of classification or shelving scheme | Damaged status | Not for loan | Collection code | Home library | Current library | Date acquired | Source of acquisition | Cost, normal purchase price | Total Checkouts | Full call number | Barcode | Date last seen | Copy number | Cost, replacement price | Koha item type |
|---|---|---|---|---|---|---|---|---|---|---|---|---|---|---|---|---|---|
| Dewey Decimal Classification | Central Library | Central Library | 09/03/2010 | Uppal Book Store/9020/30.1.09/138/16.10.09/30.10.09 | 650.00 | 306.2095443 IBR | B-361848 | 09/03/2010 | 1 | 650.00 | English Books | ||||||
| Dewey Decimal Classification | Not For Loan | Non-fiction | D.B.Act.Division | D.B.Act.Division | 22/06/2009 | DBAD / PUB | 650.00 | 306.2095443 IBR | EN-77696 | 22/06/2009 | 1 | 650.00 | English Books | ||||
| Dewey Decimal Classification | Janak Puri | Janak Puri | 09/03/2010 | Uppal Book Store/9020/30.1.09/138/16.10.09/30.10.09 | 650.00 | 1 | 306.2095443 IBR | B-361850 | 17/04/2010 | 1 | 650.00 | English Books | |||||
| Dewey Decimal Classification | Karol Bagh | Karol Bagh | 09/03/2010 | Uppal Book Store/9020/30.1.09/138/16.10.09/30.10.09 | 650.00 | 306.2095443 IBR | B-361853 | 09/03/2010 | 1 | 650.00 | English Books | ||||||
| Dewey Decimal Classification | Patel Nagar | Patel Nagar | 09/03/2010 | Uppal Book Store/9020/30.1.09/138/16.10.09/30.10.09 | 650.00 | 1 | 306.2095443 IBR | B-361849 | 05/03/2021 | 1 | 650.00 | English Books | |||||
| Dewey Decimal Classification | Sarojini Nagar | Sarojini Nagar | 09/03/2010 | Uppal Book Store/9020/30.1.09/138/16.10.09/30.10.09 | 650.00 | 306.2095443 IBR | B-361851 | 09/03/2010 | 1 | 650.00 | English Books | ||||||
| Dewey Decimal Classification | Shahdara Branch | Shahdara Branch | 09/03/2010 | Uppal Book Store/9020/30.1.09/138/16.10.09/30.10.09 | 650.00 | 306.2095443 IBR | B-361854 | 09/03/2010 | 1 | 650.00 | English Books | ||||||
| Dewey Decimal Classification | Vinoba Puri | Vinoba Puri | 09/03/2010 | Uppal Book Store/9020/30.1.09/138/16.10.09/30.10.09 | 650.00 | 306.2095443 IBR | B-361852 | 09/03/2010 | 1 | 650.00 | English Books |
